De la violencia social a la imposición estatal: el caso boliviano de los hidrocarburos /
El siguiente artículo pretende analizar como de la violencia social que caracterizó el período preliminar al ascenso de Evo Morales al poder en Bolivia, se ha dado paso a la imposición de un nuevo modelo de Estado que, si bien controla el desbande de los movimientos sociales, aun no logra contener l...
Guardado en:
| Hovedforfatter: | |
|---|---|
| Format: | Texto |
| Fag: | |
| Tags: |
Tilføj Tag
Ingen Tags, Vær først til at tagge denne postø!
|
MARC
| LEADER | 00000 a a2200000 04500 | ||
|---|---|---|---|
| 001 | 44640 | ||
| 003 | |||
| 040 | |||
| 100 | |a Correa Vera, Loreto | ||
| 245 | |a De la violencia social a la imposición estatal: |b el caso boliviano de los hidrocarburos / |c Loreto Correa Vera | ||
| 520 | |a El siguiente artículo pretende analizar como de la violencia social que caracterizó el período preliminar al ascenso de Evo Morales al poder en Bolivia, se ha dado paso a la imposición de un nuevo modelo de Estado que, si bien controla el desbande de los movimientos sociales, aun no logra contener los abusos de poder en el país. | ||
| 590 | |a RRH/ENERO2014 | ||
| 650 | |a ESTADO | ||
| 650 | |a REPRESION | ||
| 650 | |a CONFLICTOS SOCIALES | ||
| 650 | |a MOVIMIENTOS SOCIALES | ||
| 650 | |a PODER | ||
| 650 | |a HIDROCARBUROS | ||
| 650 | |a BOLIVIA | ||
| 773 | |g páginas 295-317: gráfico | ||
| 999 | |c 21705 |d 21705 | ||
